000 01450cam a22001814a 4500
005 20250605164355.0
008 250528s ||||||||||||||||||||||||d
035 _a24267
040 _aGR-AtMCL
_bgre
_dGR-AtMCL
_eAACR2
245 1 _aΧρήμα / 85η ΔΕΘ: Η Πρώτη Μεγάλη Έκθεση που θα Διοργανωθεί στην Ευρώπη το 2021
260 _bEthos Media,
_c2021
300 _a80
520 _aΠληρογορική: Τεχνολογίες Storage-Cloud, IBM Business Transformation Event: Ο Μετασχηματισμός είναι Επιχειρηματικός και Αξιοποιεί τα Ψηφιακά Εργαλεία, Διεθνής Έκθεση Θεσσαλονίκης: Η Πρώτη Μεγάλη Έκθεση που θα Διοργανωθεί στην Ευρώπη το 2021, Επαγγελματική Ασφάλιση: Η Χρυσή Τομή στο Νέο 'Κοινωνικό Συμβόλαιο', Βαγγέλης Τσάπας: Ο Οδικός Χάρης για την Αγορά των Κρυπτονομισμάτων, Εν Αρχή: Η Αποτελεσματικότερη Επίθεση Ξεκινά από μια Γρανιτένια Άμυνα, Δια Ταύτα: 'Άνοιξε Παράθυρο' για Διατήρηση της Ευέλικτης Πολιτικής.
700 1 _aΟυζούνη Κωνσταντίνος
_99441
942 _cCR
999 _c9157
_d9157